[Event "M.Chigorin Memorial 2014"]
[Site "St. Petersburg"]
[Date "2014.10.25"]
[Round "8.147"]
[White "Aksenova, Maria"]
[Black "Repkin, Alexander"]
[Result "1-0"]
[WhiteElo "1777"]
[BlackElo "2077"]
[PlyCount "74"]
[EventDate "2014.10.18"]
[EventType "swiss"]
[EventCountry "RUS"]

1. d4 Nf6 2. c4 d6 3. Nc3 Nbd7 4. e4 e5 5. d5 g6 6. Be2 Bg7 7. Bg5 h6 8. Be3
O-O 9. Qd2 Kh7 10. f3 a6 11. Nh3 Ng8 12. g4 Qh4+ 13. Nf2 Nc5 14. O-O-O Qe7 15.
h4 Nd7 16. Nh3 f6 17. Rdf1 Rf7 18. g5 h5 19. gxf6 Bxf6 20. Bg5 Nf8 21. Bxf6
Rxf6 22. Ng5+ Kh8 23. f4 Nh7 24. fxe5 dxe5 25. d6 Rxd6 26. Nf7+ Kg7 27. Nxd6
cxd6 28. Nd5 Qd8 29. Rhg1 Ngf6 30. Nxf6 Nxf6 31. Rxg6+ Kxg6 32. Qg5+ Kf7 33.
Bxh5+ Ke6 34. Qf5+ Ke7 35. Qxf6+ Kd7 36. Bg4+ Kc7 37. Qxd8+ Kxd8 1-0

[Event "M.Chigorin Memorial 2014"]
[Site "St. Petersburg"]
[Date "2014.10.25"]
[Round "8.148"]
[White "Grachev, Alexey"]
[Black "Stasenko, Alexey"]
[Result "0-1"]
[WhiteElo "2065"]
[BlackElo "1874"]
[PlyCount "120"]
[EventDate "2014.10.18"]
[EventType "swiss"]
[EventCountry "RUS"]

1. Nf3 d5 2. d4 Nf6 3. c4 e6 4. g3 Bd7 5. cxd5 exd5 6. Qb3 Nc6 7. Nc3 Bb4 8.
Bg2 O-O 9. O-O Re8 10. e3 Bf5 11. a3 Bxc3 12. bxc3 Na5 13. Qb4 c6 14. Ne5 Qb6
15. a4 Ng4 16. Nf3 Nc4 17. Ba3 Qxb4 18. Bxb4 a5 19. Ba3 Bc2 20. Bc5 b6 21. Rfc1
Bb3 22. Rcb1 Bc2 23. Rc1 Bb3 24. Rab1 Ba2 25. Ra1 Bb3 26. Bh3 Nxf2 27. Kxf2
bxc5 28. Bd7 Rxe3 29. Nd2 Re7 30. Bxc6 Rc8 31. Nxb3 Rxc6 32. Nxc5 Rf6+ 33. Kg1
Re2 34. Re1 Rff2 35. Rxe2 Rxe2 36. Rb1 Rb2 37. Re1 f6 38. Re7 Nd2 39. Ne6 Nf3+
40. Kf1 Nxh2+ 41. Ke1 Nf3+ 42. Kd1 Ng5 43. Rxg7+ Kh8 44. Re7 Nxe6 45. Rxe6 Kg7
46. Rd6 Rg2 47. Rxd5 Rxg3 48. Kc2 Rg5 49. Rd7+ Kg6 50. c4 h5 51. c5 h4 52. Rd8
h3 53. Rh8 Rh5 54. Rg8+ Kf7 55. Rg1 h2 56. Rh1 Ke6 57. c6 Kd6 58. c7 Kxc7 59.
Kd3 Rh4 60. Kc4 Kc6 0-1

[Event "M.Chigorin Memorial 2014"]
[Site "St. Petersburg"]
[Date "2014.10.25"]
[Round "8.150"]
[White "Grachev, Andrey"]
[Black "Klevets, Ksenia"]
[Result "1-0"]
[WhiteElo "2029"]
[BlackElo "1850"]
[PlyCount "115"]
[EventDate "2014.10.18"]
[EventType "swiss"]
[EventCountry "RUS"]

1. e4 c5 2. Nf3 Nc6 3. d4 cxd4 4. Nxd4 g6 5. c4 Nf6 6. Nc3 Nxd4 7. Qxd4 d6 8.
Be2 Bg7 9. Be3 O-O 10. Qd2 a5 11. Rd1 Be6 12. f3 Nd7 13. O-O b6 14. b3 Nc5 15.
Rfe1 Re8 16. Bf1 Qc8 17. Bd4 Bxd4+ 18. Qxd4 Qb7 19. Bd3 Rad8 20. Bc2 Qc6 21. h4
h5 22. Rd2 Nd7 23. Nd5 Bxd5 24. exd5 Qc5 25. Qxc5 bxc5 26. Rde2 Kf8 27. Kh2 Ne5
28. Kh3 f5 29. Re3 Kf7 30. Bd1 Rb8 31. Rf1 Kg7 32. Rfe1 Kf7 33. Rg1 a4 34. f4
Ng4 35. Bxg4 hxg4+ 36. Kg3 axb3 37. axb3 Rb7 38. h5 gxh5 39. Rge1 e5 40. fxe5
dxe5 41. Rxe5 Rxb3+ 42. Kf4 Rxe5 43. Rxe5 Rc3 44. Rxf5+ Ke7 45. Rxh5 Rxc4+ 46.
Ke5 Rc2 47. d6+ Kd7 48. Rh7+ Kc6 49. Rc7+ Kb6 50. Rc8 Re2+ 51. Kf6 Rf2+ 52. Ke7
Re2+ 53. Kd8 Rxg2 54. d7 Re2 55. Rb8+ Ka7 56. Kc7 Re7 57. Rb1 Ka6 58. Kd6 1-0

[Event "M.Chigorin Memorial 2014"]
[Site "St. Petersburg"]
[Date "2014.10.25"]
[Round "8.151"]
[White "Bezstrakhov, Dmitry"]
[Black "Rubtsov, Aleksandr"]
[Result "1-0"]
[WhiteElo "1987"]
[BlackElo "1666"]
[PlyCount "71"]
[EventDate "2014.10.18"]
[EventType "swiss"]
[EventCountry "RUS"]

1. d4 d5 2. c4 c6 3. e3 Nf6 4. Qc2 e6 5. Nf3 Bd6 6. Nc3 O-O 7. Bd3 Nbd7 8. O-O
b6 9. e4 dxe4 10. Nxe4 Be7 11. Bf4 Bb7 12. Nd6 Bxd6 13. Bxd6 Re8 14. c5 h6 15.
b4 b5 16. Qd2 Nd5 17. Bc2 N7f6 18. a3 a5 19. Ne5 Ne7 20. Nf3 Ned5 21. h3 Ra6
22. Rfe1 Qa8 23. Rab1 axb4 24. axb4 Ra3 25. Be5 Nc3 26. Bxf6 Nxb1 27. Bxb1 Qa4
28. Qf4 Rxf3 29. gxf3 Qxb4 30. Rf1 Rc8 31. Qg4 g5 32. Qe4 Kf8 33. Qh7 Ke8 34.
Bg6 Rc7 35. Qg8+ Kd7 36. Qd8# 1-0

[Event "M.Chigorin Memorial 2014"]
[Site "St. Petersburg"]
[Date "2014.10.25"]
[Round "8.152"]
[White "Terentev, Mikhail"]
[Black "Akopian, Agasi"]
[Result "1-0"]
[WhiteElo "1981"]
[BlackElo "1543"]
[PlyCount "53"]
[EventDate "2014.10.18"]
[EventType "swiss"]
[EventCountry "RUS"]

1. e4 c5 2. Nf3 Nc6 3. d4 cxd4 4. Nxd4 g6 5. Nc3 Bg7 6. Be3 Nf6 7. Nxc6 bxc6 8.
e5 Nd5 9. Nxd5 cxd5 10. Qxd5 Rb8 11. O-O-O O-O 12. c3 Bb7 13. Qc5 Bc6 14. f4
Qc7 15. h4 Qb6 16. Qxb6 axb6 17. h5 Ra8 18. hxg6 fxg6 19. Bc4+ e6 20. Rh2 Rf7
21. Rd6 Bf8 22. Rxc6 dxc6 23. Bxe6 b5 24. Bxf7+ Kxf7 25. Rxh7+ Kg8 26. Ra7 Rxa7
27. Bxa7 1-0

[Event "M.Chigorin Memorial 2014"]
[Site "St. Petersburg"]
[Date "2014.10.25"]
[Round "8.153"]
[White "Mamatov, Melis"]
[Black "Shinkevich, Maksim"]
[Result "1-0"]
[WhiteElo "2191"]
[BlackElo "1825"]
[PlyCount "109"]
[EventDate "2014.10.18"]
[EventType "swiss"]
[EventCountry "RUS"]

1. c4 e5 2. Nc3 Nc6 3. g3 d6 4. Bg2 g6 5. a3 a5 6. b3 Bg7 7. Bb2 f5 8. e3 e4 9.
d3 exd3 10. Qxd3 Ne5 11. Qd2 Nf6 12. Nge2 O-O 13. O-O Nfd7 14. Qc2 c6 15. Rad1
Qe7 16. h3 Nc5 17. Rfe1 Be6 18. Kh2 a4 19. Nxa4 Nxa4 20. Bxe5 dxe5 21. bxa4
Qxa3 22. Ra1 Qc5 23. Rec1 f4 24. gxf4 exf4 25. Nd4 Bxd4 26. exd4 Qxd4 27. Qe4
Qxe4 28. Bxe4 Rad8 29. c5 Rd4 30. Re1 Bc4 31. Kg2 Re8 32. Bf3 Rxe1 33. Rxe1 Kf7
34. h4 Ba6 35. Re4 Rc4 36. Kh3 h5 37. Kg2 Kf6 38. Rxc4 Bxc4 39. Be4 g5 40. Kf3
Bb3 41. a5 Bd1+ 42. Kg2 Be2 43. Kh3 g4+ 44. Kh2 Bc4 45. Kg2 Bf7 46. Bxc6 Ke7
47. Bxb7 Kd7 48. a6 Kc7 49. Be4 Kb8 50. c6 Be6 51. c7+ Ka7 52. Bb7 Kb6 53. c8=Q
Bxc8 54. Bxc8 Ka7 55. Bxg4 1-0

[Event "M.Chigorin Memorial 2014"]
[Site "St. Petersburg"]
[Date "2014.10.25"]
[Round "8.154"]
[White "Krasnikov, Mikhail"]
[Black "Bratus, Petr P"]
[Result "0-1"]
[WhiteElo "1828"]
[BlackElo "2106"]
[PlyCount "76"]
[EventDate "2014.10.18"]
[EventType "swiss"]
[EventCountry "RUS"]

1. d4 Nf6 2. c4 e6 3. Nf3 b6 4. a3 Bb7 5. Nc3 d5 6. cxd5 exd5 7. Bg5 Be7 8. e3
Nbd7 9. Rc1 O-O 10. b4 Re8 11. Qb3 Nf8 12. g3 Ne6 13. Bg2 Nxg5 14. Nxg5 h6 15.
Nf3 c6 16. O-O Bd6 17. Rfd1 Qe7 18. Ne1 h5 19. Rb1 h4 20. gxh4 Ng4 21. Nf3 a6
22. a4 Bc8 23. Re1 Bf5 24. Rb2 Be4 25. Nxe4 dxe4 26. Ng5 Bxh2+ 27. Kh1 Bb8 28.
Bxe4 Ra7 29. Rc1 Qd6 30. f4 Qh6 31. Kg2 Rae7 32. Qd3 Nf6 33. Bxc6 Rxe3 34. Qd1
Qxh4 35. Bxe8 Rg3+ 36. Kf1 Qh1+ 37. Ke2 Qh2+ 38. Ke1 Rg1# 0-1

[Event "M.Chigorin Memorial 2014"]
[Site "St. Petersburg"]
[Date "2014.10.25"]
[Round "8.155"]
[White "Kamnev, Alexander"]
[Black "Zhivotovskaya, Asya"]
[Result "1-0"]
[WhiteElo "2013"]
[BlackElo "1775"]
[PlyCount "59"]
[EventDate "2014.10.18"]
[EventType "swiss"]
[EventCountry "RUS"]

1. e4 c5 2. Nf3 e6 3. d4 cxd4 4. Nxd4 Nf6 5. Nc3 Nc6 6. Nxc6 bxc6 7. e5 Nd5 8.
Ne4 Qc7 9. f4 Qb6 10. c4 Ne3 11. Qd3 Bb4+ 12. Ke2 Nxc4 13. Kf3 Ba6 14. Qc2 d5
15. exd6 Nxd6 16. Be3 Qb7 17. Bxa6 Qxa6 18. a3 f5 19. Ng5 Ba5 20. Nxe6 Kf7 21.
Nd4 c5 22. Qxc5 Rhe8 23. Qd5+ Kf6 24. Rhc1 Bd2 25. Rc6 Rxe3+ 26. Kf2 Qd3 27.
Rxd6+ Ke7 28. Nxf5+ Qxf5 29. Qxf5 Kxd6 30. Rd1 1-0

[Event "M.Chigorin Memorial 2014"]
[Site "St. Petersburg"]
[Date "2014.10.25"]
[Round "8.156"]
[White "Morozov, Boris"]
[Black "Kopasov, Evgeny"]
[Result "0-1"]
[WhiteElo "1805"]
[BlackElo "1997"]
[PlyCount "54"]
[EventDate "2014.10.18"]
[EventType "swiss"]
[EventCountry "RUS"]

1. e4 c5 2. Nf3 Nc6 3. d4 cxd4 4. Nxd4 Nf6 5. Nc3 d6 6. Be2 e5 7. Nb3 Be7 8.
O-O O-O 9. Be3 a5 10. f4 a4 11. Nc1 exf4 12. Rxf4 a3 13. b3 Ne5 14. Bd4 Be6 15.
Bd3 Nc6 16. Be3 d5 17. exd5 Nxd5 18. Nxd5 Qxd5 19. c4 Qe5 20. Bd2 Qxa1 21. Qc2
Qb2 22. Bxh7+ Kh8 23. Qe4 Qxd2 24. Nd3 Qd1+ 25. Kf2 Qh5 26. Bf5 Bxf5 27. Rxf5
Qh4+ 0-1

[Event "M.Chigorin Memorial 2014"]
[Site "St. Petersburg"]
[Date "2014.10.25"]
[Round "8.157"]
[White "Bezhenar, Georgy"]
[Black "Vorobyova, Valeriya"]
[Result "0-1"]
[WhiteElo "1969"]
[BlackElo "1742"]
[PlyCount "54"]
[EventDate "2014.10.18"]
[EventType "swiss"]
[EventCountry "RUS"]

1. d4 Nf6 2. Nf3 g6 3. Bf4 Bg7 4. e3 O-O 5. h3 c5 6. c3 Qb6 7. Qb3 d5 8. Nbd2
Nc6 9. Be2 c4 10. Qxb6 axb6 11. O-O b5 12. a3 h6 13. Ne1 g5 14. Bh2 Bf5 15. g4
Bg6 16. Ng2 Rfe8 17. f4 gxf4 18. exf4 Ne4 19. Nf3 e6 20. Nfh4 Nd2 21. Rfe1 Nb3
22. Ra2 Be4 23. Bd1 b4 24. Bxb3 cxb3 25. Raa1 bxc3 26. bxc3 b2 27. Rab1 Bxb1
0-1

[Event "M.Chigorin Memorial 2014"]
[Site "St. Petersburg"]
[Date "2014.10.25"]
[Round "8.158"]
[White "Zilbershtein, Victor"]
[Black "Ladzin, Ivan"]
[Result "0-1"]
[WhiteElo "1818"]
[BlackElo "1961"]
[PlyCount "70"]
[EventDate "2014.10.18"]
[EventType "swiss"]
[EventCountry "RUS"]

1. d4 d5 2. Nf3 Nf6 3. e3 c6 4. Be2 Bf5 5. Nbd2 e6 6. O-O Bd6 7. b3 Nbd7 8. Bb2
O-O 9. c4 c5 10. Ne5 Ne4 11. Nxd7 Qxd7 12. cxd5 exd5 13. Rc1 cxd4 14. Nxe4 Bxe4
15. Qxd4 f6 16. Rcd1 Qc7 17. Rc1 Bxh2+ 18. Kh1 Qd6 19. f4 Bg3 20. Bf3 Qe7 21.
Bxe4 dxe4 22. Qd5+ Kh8 23. Qh5 Qe8 24. Qh3 Qg6 25. Rc5 Rad8 26. Bd4 h6 27. Rd1
Rd6 28. Kg1 Rfd8 29. Rc2 Bxf4 30. exf4 Rxd4 31. Rxd4 Rxd4 32. Rc8+ Kh7 33. Qe3
Rd3 34. Qf2 Rd1+ 35. Kh2 Qh5+ 0-1

[Event "M.Chigorin Memorial 2014"]
[Site "St. Petersburg"]
[Date "2014.10.25"]
[Round "8.159"]
[White "Dushin, Nikolay"]
[Black "Tonkoshkur, Daniil"]
[Result "0-1"]
[WhiteElo "1947"]
[BlackElo "1721"]
[PlyCount "116"]
[EventDate "2014.10.18"]
[EventType "swiss"]
[EventCountry "RUS"]

1. d4 Nf6 2. Nf3 d6 3. Bg5 Nbd7 4. Nbd2 g6 5. e4 h6 6. Bf4 Nh5 7. Be3 Bg7 8.
Bc4 e5 9. c3 O-O 10. dxe5 dxe5 11. g3 Nb6 12. Be2 Bh3 13. Qc2 Qe7 14. Nb3 Rfd8
15. Nc5 c6 16. a4 Nc8 17. a5 Nd6 18. Nd2 Nf6 19. f3 Be6 20. O-O Nd7 21. b4 b6
22. Nxd7 Qxd7 23. axb6 axb6 24. Bxb6 Rdb8 25. Be3 f5 26. Nb3 Nc4 27. Bxc4 Bxc4
28. Nc5 Qf7 29. Rxa8 Rxa8 30. Rf2 f4 31. Bc1 g5 32. g4 Qa7 33. Kg2 Bf8 34. Nd3
Qb6 35. Nxe5 Be6 36. Rd2 Qb5 37. Ng6 Bg7 38. Rd6 Ra2 39. Bb2 Qc4 40. Rxc6 Qb3
41. Qxb3 Bxb3 42. e5 Rxb2+ 43. Kg1 Kf7 44. c4 Bc2 45. b5 Bxg6 46. e6+ Ke8 47.
Rc8+ Ke7 48. Rc7+ Kf6 49. Rc6 Be8 50. Rc8 Bg6 51. Rc6 Bd3 52. b6 Bf8 53. c5 Be7
54. Rc7 Kxe6 55. b7 Be2 56. c6 Bc5+ 57. Kg2 Bd6 58. Kh1 Rb1+ 0-1

[Event "M.Chigorin Memorial 2014"]
[Site "St. Petersburg"]
[Date "2014.10.25"]
[Round "8.160"]
[White "Stroganov, Anatoly"]
[Black "Fedoseeva, Valentina"]
[Result "0-1"]
[WhiteElo "1789"]
[BlackElo "1946"]
[PlyCount "37"]
[EventDate "2014.10.18"]
[EventType "swiss"]
[EventCountry "RUS"]

1. d4 Nf6 2. Nf3 Ne4 3. Nbd2 d5 4. Ne5 e6 5. e3 Bd6 6. Nxe4 dxe4 7. Qg4 O-O 8.
Qxe4 Bxe5 9. dxe5 Qe7 10. Qc4 b6 11. Bd2 c5 12. Be2 Ba6 13. Qc3 Bb7 14. Bf3 Nc6
15. O-O Rfe8 16. Rad1 b5 17. b3 a5 18. a3 b4 19. Qb2 0-1

[Event "M.Chigorin Memorial 2014"]
[Site "St. Petersburg"]
[Date "2014.10.25"]
[Round "8.161"]
[White "Makarevich, Julia"]
[Black "Lyubokhiner, Leonid M"]
[Result "1-0"]
[WhiteElo "1934"]
[BlackElo "1709"]
[PlyCount "86"]
[EventDate "2014.10.18"]
[EventType "swiss"]
[EventCountry "RUS"]

1. d4 d5 2. Nf3 h6 3. c4 e6 4. g3 Nf6 5. Bg2 Nc6 6. O-O Bd6 7. Nc3 a6 8. b3 O-O
9. Bb2 Re8 10. Re1 Rb8 11. e4 Bb4 12. e5 Ne4 13. Re3 Bxc3 14. Bxc3 b5 15. cxb5
axb5 16. Ne1 Ng5 17. Nd3 b4 18. Bb2 Bd7 19. h4 Nh7 20. Re2 Qe7 21. Nc5 Nd8 22.
Bc1 Bb5 23. Rc2 f5 24. a4 Bd7 25. Na6 Nc6 26. Nxb8 Rxb8 27. a5 Qd8 28. Bf1 g5
29. h5 Kg7 30. Qd2 Qe8 31. Be2 Ra8 32. a6 Qb8 33. Rc5 Na7 34. Raa5 c6 35. Ra4
Nb5 36. Qxb4 Nxd4 37. Qxd4 Qxb3 38. Qb4 Qxb4 39. Rxb4 Kf7 40. Ra5 Bc8 41. a7
Bd7 42. Rb8 Rxa7 43. Rxa7 Nf8 1-0

[Event "M.Chigorin Memorial 2014"]
[Site "St. Petersburg"]
[Date "2014.10.25"]
[Round "8.163"]
[White "Isaev, Vasily"]
[Black "Evsyukov, Aleksey"]
[Result "1/2-1/2"]
[WhiteElo "1749"]
[BlackElo "1908"]
[PlyCount "42"]
[EventDate "2014.10.18"]
[EventType "swiss"]
[EventCountry "RUS"]

1. e4 e5 2. Nf3 Nc6 3. Bb5 a6 4. Ba4 Nf6 5. Qe2 d6 6. c3 Be7 7. d4 O-O 8. Bxc6
bxc6 9. dxe5 dxe5 10. Nxe5 Qe8 11. Nd3 a5 12. Bf4 Ba6 13. Nd2 Rd8 14. c4 Qd7
15. Ne5 Qe6 16. O-O Rd4 17. Nef3 Rd7 18. Ne5 Rd4 19. Nef3 Rd7 20. Ne5 Rd4 21.
Nef3 Rd7 1/2-1/2

[Event "M.Chigorin Memorial 2014"]
[Site "St. Petersburg"]
[Date "2014.10.25"]
[Round "8.164"]
[White "Pitkanen, Juhani"]
[Black "Shuvalov, Arvind"]
[Result "0-1"]
[WhiteElo "1736"]
[BlackElo "1900"]
[PlyCount "20"]
[EventDate "2014.10.18"]
[EventType "swiss"]
[EventCountry "RUS"]

1. d4 Nf6 2. c4 g6 3. f3 Bg7 4. e4 d6 5. Nc3 O-O 6. Be3 a6 7. a4 Nc6 8. Nge2
Rb8 9. Qd2 Na5 10. Ng3 Nb3 0-1

[Event "M.Chigorin Memorial 2014"]
[Site "St. Petersburg"]
[Date "2014.10.25"]
[Round "8.165"]
[White "Kiselev, Viktor"]
[Black "Borunova, Tatiana"]
[Result "0-1"]
[WhiteElo "1876"]
[BlackElo "1629"]
[PlyCount "72"]
[EventDate "2014.10.18"]
[EventType "swiss"]
[EventCountry "RUS"]

1. e4 e5 2. Nf3 Nc6 3. Bb5 d6 4. d4 Bd7 5. c3 exd4 6. cxd4 g6 7. O-O Bg7 8. Nc3
Nge7 9. Bg5 O-O 10. Nd5 f6 11. Be3 Nxd5 12. Bc4 Nce7 13. Qb3 Be6 14. exd5 Bf7
15. Rac1 b6 16. a4 a5 17. Rc2 Ra7 18. Rfc1 Qa8 19. Ne1 Bxd5 20. Nd3 Kh8 21. Nf4
Bxc4 22. Rxc4 Nd5 23. Ne6 Rc8 24. Bd2 c5 25. Qg3 Qc6 26. Qh3 Re8 27. f4 Rae7
28. Nxg7 Rxg7 29. Qf3 Nb4 30. Kf2 d5 31. Bxb4 Rge7 32. Re1 axb4 33. Rxe7 Rxe7
34. b3 Re4 35. dxc5 dxc4 36. bxc4 Qxc5+ 0-1

[Event "M.Chigorin Memorial 2014"]
[Site "St. Petersburg"]
[Date "2014.10.25"]
[Round "8.166"]
[White "Tskhadadze, Anna"]
[Black "Kapitsa, Artem"]
[Result "1-0"]
[WhiteElo "1860"]
[BlackElo "1443"]
[PlyCount "45"]
[EventDate "2014.10.18"]
[EventType "swiss"]
[EventCountry "RUS"]

1. c4 Nf6 2. g3 g6 3. Bg2 Bg7 4. Nc3 c6 5. e4 e6 6. d4 d5 7. e5 Nfd7 8. cxd5
cxd5 9. Nge2 O-O 10. O-O Nc6 11. Be3 Qb6 12. Qd2 a6 13. Rac1 Na5 14. b3 Nc6 15.
f4 Ne7 16. g4 Qd8 17. Ng3 b5 18. f5 gxf5 19. gxf5 Nxf5 20. Nxf5 exf5 21. Nxd5
Nb6 22. Nxb6 Qxb6 23. Bxa8 1-0

[Event "M.Chigorin Memorial 2014"]
[Site "St. Petersburg"]
[Date "2014.10.25"]
[Round "8.168"]
[White "Gantsevich, Dmitry"]
[Black "Nordstrom, Hakon N"]
[Result "0-1"]
[WhiteElo "1698"]
[BlackElo "1847"]
[PlyCount "78"]
[EventDate "2014.10.18"]
[EventType "swiss"]
[EventCountry "RUS"]

1. e4 e6 2. d4 d5 3. Nc3 Nf6 4. e5 Nfd7 5. f4 c5 6. Nf3 Nc6 7. Be3 Qb6 8. Na4
Qa5+ 9. c3 cxd4 10. b4 Nxb4 11. cxb4 Bxb4+ 12. Bd2 Bxd2+ 13. Nxd2 O-O 14. Qb3
a6 15. Rc1 b5 16. Nc5 Nb6 17. Qb1 Nc4 18. Ncb3 Qb4 19. Bxc4 bxc4 20. Nxd4 Qa3
21. Qc2 Bd7 22. Ne2 Rfb8 23. Nb1 Qc5 24. Rf1 Rb6 25. Nd2 Rab8 26. Nf3 Rb2 27.
Qc3 Rxa2 28. Nfd4 Ra3 29. Qc2 Ba4 30. Qd2 Qb6 31. Rf3 Rxf3 32. Nxf3 Bb3 33. Ra1
h6 34. Nfd4 Rc8 35. Qc3 Rc5 36. Nc1 Rc7 37. Ndxb3 cxb3 38. Qb2 Rc2 39. Qxb3
Qg1# 0-1

[Event "M.Chigorin Memorial 2014"]
[Site "St. Petersburg"]
[Date "2014.10.25"]
[Round "8.169"]
[White "Chursina, Ada"]
[Black "Shilnikov, Igor S"]
[Result "1/2-1/2"]
[WhiteElo "1583"]
[BlackElo "1839"]
[PlyCount "83"]
[EventDate "2014.10.18"]
[EventType "swiss"]
[EventCountry "RUS"]

1. d4 Nf6 2. c4 g6 3. Nc3 c5 4. Nf3 Bg7 5. Bf4 a6 6. e3 O-O 7. Be2 Qa5 8. O-O
d6 9. Qc2 Nh5 10. Nd5 Qd8 11. dxc5 Nxf4 12. Nxf4 dxc5 13. Rfd1 Qa5 14. Qd2 Qxd2
15. Rxd2 Nc6 16. Rad1 e5 17. Nd5 h6 18. Nb6 Rb8 19. b3 Re8 20. Nxc8 Rexc8 21.
Ne1 e4 22. f3 Bc3 23. Rc2 Bf6 24. fxe4 Bg5 25. Kf2 Re8 26. Bf3 f5 27. exf5
Bxe3+ 28. Kf1 Nd4 29. Rc3 Nxf5 30. Nc2 Bd4 31. Rcd3 b6 32. g4 Ne3+ 33. Nxe3
Rxe3 34. Rxe3 Bxe3 35. h3 Bd4 36. Re1 Rf8 37. Kg2 Rf6 38. Re2 Kf8 39. Re1 b5
40. Re2 b4 41. Bd5 a5 42. Bf3 1/2-1/2

[Event "M.Chigorin Memorial 2014"]
[Site "St. Petersburg"]
[Date "2014.10.25"]
[Round "8.171"]
[White "Panov, Konstantin"]
[Black "Rozhnov, Valeriy"]
[Result "1/2-1/2"]
[WhiteElo "1588"]
[BlackElo "2069"]
[PlyCount "117"]
[EventDate "2014.10.18"]
[EventType "swiss"]
[EventCountry "RUS"]

1. g3 Nf6 2. Bg2 e6 3. d4 c5 4. c3 d5 5. Nf3 Nc6 6. O-O cxd4 7. cxd4 Qc7 8. Nc3
a6 9. a3 h6 10. b4 Bd6 11. Qd3 O-O 12. b5 Na5 13. bxa6 bxa6 14. Nd2 Bb7 15. e4
dxe4 16. Ndxe4 Nxe4 17. Nxe4 Bd5 18. Re1 Rfc8 19. Bd2 Nb3 20. Nxd6 Qxd6 21. Bb4
Qc6 22. Bxd5 Qxd5 23. Rad1 a5 24. Re5 Qc4 25. Qxc4 Rxc4 26. Bc5 Nxc5 27. Rxc5
Rxc5 28. dxc5 Rc8 29. Rc1 Rc6 30. f4 Kf8 31. Kf2 Ke7 32. Ke3 f6 33. Rc3 Kd7 34.
Kd3 Rc8 35. h3 Kc6 36. Kc4 e5 37. fxe5 fxe5 38. Rd3 Re8 39. Rd6+ Kc7 40. Kd3
e4+ 41. Ke3 Re5 42. Rg6 Rxc5 43. Rxg7+ Kd8 44. Kxe4 Rc3 45. a4 Rc4+ 46. Kf5
Rxa4 47. Kg6 Rd4 48. Kxh6 Rd6+ 49. Kh5 Ra6 50. Rg4 a4 51. Rd4+ Ke7 52. Rd2 a3
53. Ra2 Kf7 54. g4 Kg7 55. g5 Ra4 56. h4 Kh7 57. g6+ Kg7 58. Kg5 Ra5+ 59. Kf4
1/2-1/2

[Event "M.Chigorin Memorial 2014"]
[Site "St. Petersburg"]
[Date "2014.10.25"]
[Round "8.172"]
[White "Gantsevich, Aleksey A"]
[Black "Hyoetylae, Tapio"]
[Result "1/2-1/2"]
[WhiteElo "1766"]
[BlackElo "1840"]
[PlyCount "72"]
[EventDate "2014.10.18"]
[EventType "swiss"]
[EventCountry "RUS"]

1. e4 g6 2. d4 Bg7 3. Nc3 a6 4. f4 d5 5. e5 h5 6. Nf3 Bg4 7. h3 Bxf3 8. Qxf3 e6
9. Bd3 h4 10. Be3 Ne7 11. O-O-O b5 12. g4 hxg3 13. Qxg3 Nf5 14. Bxf5 exf5 15.
e6 c6 16. exf7+ Kxf7 17. Rhg1 Qf6 18. Rde1 Nd7 19. Bf2 Rae8 20. h4 Rxe1+ 21.
Rxe1 Re8 22. Rxe8 Kxe8 23. Qg5 Qxg5 24. hxg5 Nf8 25. Ne2 Ne6 26. c3 Bf8 27. b4
Bd6 28. Be3 Bc7 29. Kc2 a5 30. a3 axb4 31. axb4 Kd7 32. Kd3 Nd8 33. Kc2 Ne6 34.
Kd3 Nd8 35. Kc2 Ne6 36. Kd3 Nd8 1/2-1/2

[Event "M.Chigorin Memorial 2014"]
[Site "St. Petersburg"]
[Date "2014.10.25"]
[Round "8.173"]
[White "Levin, Evgeny"]
[Black "Pankova, Julia"]
[Result "1-0"]
[WhiteElo "1835"]
[BlackElo "1655"]
[PlyCount "83"]
[EventDate "2014.10.18"]
[EventType "swiss"]
[EventCountry "RUS"]

1. c4 e5 2. Nc3 Nc6 3. g3 Nf6 4. Bg2 Bb4 5. Nd5 Nxd5 6. cxd5 Nd4 7. e3 c5 8.
exd4 cxd4 9. Ne2 O-O 10. a3 Ba5 11. b4 Bb6 12. d3 a5 13. Bd2 a4 14. f4 d6 15.
O-O Qe7 16. f5 f6 17. g4 Bd8 18. Ng3 Bd7 19. Be4 Kh8 20. Qf3 Rc8 21. Rac1 Bb6
22. h4 h6 23. Kg2 Kg8 24. g5 Rf7 25. Rxc8+ Bxc8 26. gxh6 gxh6 27. Bxh6 Rh7 28.
Qg4+ Kh8 29. Bd2 Rg7 30. Qf3 Bd7 31. h5 Be8 32. h6 Rh7 33. Rc1 Qd7 34. Nh5 Bxh5
35. Qxh5 Bd8 36. Qg6 Be7 37. Rc7 Qd8 38. Rxb7 Qf8 39. b5 Qd8 40. b6 Qf8 41. Rc7
Qd8 42. b7 1-0

[Event "M.Chigorin Memorial 2014"]
[Site "St. Petersburg"]
[Date "2014.10.25"]
[Round "8.174"]
[White "Khatenever, Feliks"]
[Black "Biyachuev, Minkail"]
[Result "1-0"]
[WhiteElo "1795"]
[BlackElo "1527"]
[PlyCount "113"]
[EventDate "2014.10.18"]
[EventType "swiss"]
[EventCountry "RUS"]

1. d4 d5 2. Nf3 Nf6 3. g3 Nc6 4. Bg2 Bf5 5. c3 e6 6. Qb3 Na5 7. Qa4+ c6 8. b4
Nc4 9. O-O Be7 10. Nbd2 b5 11. Qd1 Nxd2 12. Bxd2 Ne4 13. a4 f6 14. Nh4 Nxd2 15.
Qxd2 O-O 16. Nxf5 exf5 17. axb5 cxb5 18. Qa2 Rc8 19. Qxd5+ Qxd5 20. Bxd5+ Kh8
21. Rxa7 Bd8 22. Ra3 g5 23. Be6 Rc7 24. Bxf5 Re8 25. Bd3 Rb7 26. Ra8 Kg7 27.
Rfa1 Kf8 28. R1a7 Rc7 29. Rxc7 Bxc7 30. Rxe8+ Kxe8 31. Bxh7 Kd7 32. Bd3 Kc6 33.
h4 gxh4 34. gxh4 Bf4 35. e3 Bh6 36. Kg2 Bf8 37. Kf3 Bh6 38. Ke4 Bf8 39. Kf5 Be7
40. Ke6 Bd8 41. h5 f5 42. h6 f4 43. h7 fxe3 44. fxe3 Bc7 45. h8=R Kb6 46. Rh5
Ka7 47. Rxb5 Bg3 48. Kd5 Be1 49. Rc5 Kb6 50. Rc6+ Kb7 51. b5 Bf2 52. Bf5 Bxe3
53. Bc8+ Kb8 54. Ba6 Bxd4 55. cxd4 Ka7 56. Kc5 Kb8 57. Kb6 1-0

[Event "M.Chigorin Memorial 2014"]
[Site "St. Petersburg"]
[Date "2014.10.25"]
[Round "8.175"]
[White "Shakhmatov, Roman"]
[Black "Shugalei, Mikhail"]
[Result "0-1"]
[WhiteElo "1775"]
[BlackElo "1649"]
[PlyCount "88"]
[EventDate "2014.10.18"]
[EventType "swiss"]
[EventCountry "RUS"]

1. e4 c5 2. Nf3 e6 3. g3 d5 4. exd5 exd5 5. d4 Nc6 6. Bg2 Nf6 7. O-O cxd4 8.
Nxd4 h6 9. h3 Bc5 10. Re1+ Ne7 11. Nb3 Bb6 12. Nc3 O-O 13. Be3 Be6 14. Nd4 Bd7
15. Qd2 Re8 16. Rad1 Nc6 17. Nce2 Ne4 18. Qd3 Ne5 19. Qb3 Nc4 20. Nf4 Nc5 21.
Qc3 Na4 22. Qd3 Naxb2 23. Qe2 Nxd1 24. Qxd1 Nxe3 25. fxe3 Bxd4 26. Qxd4 Qb6 27.
Qd2 d4 28. e4 Bc6 29. Kh2 Re5 30. Nd3 Re7 31. Qf4 Rae8 32. Qg4 Bd7 33. Qf4 Bb5
34. Nf2 Qc7 35. Qd2 Bc6 36. Qxd4 Qa5 37. Nd3 Qxa2 38. Nb4 Qa4 39. Nxc6 Qxc6 40.
Qxa7 Qxc2 41. e5 b5 42. Qb6 Qb2 43. Kh1 Rxe5 44. Rxe5 Qxe5 0-1

[Event "M.Chigorin Memorial 2014"]
[Site "St. Petersburg"]
[Date "2014.10.25"]
[Round "8.176"]
[White "Sapegin, Yaroslav"]
[Black "Shapianov, Adam"]
[Result "1/2-1/2"]
[WhiteElo "1587"]
[BlackElo "1807"]
[PlyCount "97"]
[EventDate "2014.10.18"]
[EventType "swiss"]
[EventCountry "RUS"]

1. d4 Nf6 2. Bg5 c5 3. Bxf6 exf6 4. c3 d5 5. e3 Qb6 6. Qd2 cxd4 7. cxd4 Nc6 8.
Nc3 Be6 9. Nf3 Bb4 10. a3 Bxc3 11. Qxc3 Rc8 12. b4 O-O 13. Qd2 Bf5 14. Bd3 Bg4
15. O-O Bxf3 16. gxf3 Ne7 17. Rac1 f5 18. Rxc8 Rxc8 19. Rc1 Rc6 20. Rxc6 Qxc6
21. Qc2 Qxc2 22. Bxc2 Kf8 23. Kg2 Ke8 24. Ba4+ Kd8 25. Kg3 g5 26. f4 f6 27.
fxg5 fxg5 28. h4 h6 29. hxg5 hxg5 30. f3 Ng8 31. Bc2 Nh6 32. f4 g4 33. Bb3 Nf7
34. Bxd5 Nd6 35. a4 Ke7 36. e4 fxe4 37. Kxg4 Kf6 38. f5 Nxf5 39. Bxe4 Nxd4 40.
Bxb7 Ke6 41. a5 Kd6 42. Kf4 Nc2 43. b5 Kc5 44. b6 axb6 45. a6 Nd4 46. a7 Ne6+
47. Ke3 Nc7 48. a8=Q Nxa8 49. Bxa8 1/2-1/2